00740nam a2200241 a 4500001001300000003000900013005001700022008004100039020002500080082001700105100001800122245004000140260003300180300000900213500003500222505002200257650003600279650003500315902000800350942000700358952011800365999001500483nice12345678IN_TiNIC20260116012257.0050524s1973 onta grp 000 0 eng  a0836190 c367.500a232.954bTRO aTrocme, Andre aJesus and the Nonviolent Revolution aOntariobHerald Press c1973 a211p aincludes index and biblioraphy2 aAppendices, Index aJesus Christ-Person and Offices aNon-Violence-Biblical Teaching bSRS cBK 001040708StackRoom-aHMIbHMId2007-06-19g367.50l0o232.954 TROp014866r2007-06-19v367.50w2005-05-24yBK c6358d6358